<?xml version="1.0" encoding="UTF-8"?>
<marc:record xmlns:marc="http://www.loc.gov/MARC21/slim">
   <marc:leader>00000nam a2200000 a 4500</marc:leader>
   <marc:datafield ind1="1" ind2=" " tag="100">
      <marc:subfield code="a">Bieber, Oliver</marc:subfield>
      <marc:subfield code="4">ctb</marc:subfield>
      <marc:subfield code="e">Mitwirkende/-r</marc:subfield>
   </marc:datafield>
   <marc:datafield ind1="0" ind2="0" tag="245">
      <marc:subfield code="a">Piraten-Jim findet einen Schatz</marc:subfield>
   </marc:datafield>
   <marc:datafield ind1="0" ind2="0" tag="245">
      <marc:subfield code="c">von Oliver Bieber</marc:subfield>
   </marc:datafield>
   <marc:datafield ind1=" " ind2="1" tag="264">
      <marc:subfield code="a">Köln</marc:subfield>
      <marc:subfield code="b">Schwager &amp; Steinlein</marc:subfield>
   </marc:datafield>
   <marc:datafield ind1="1" ind2=" " tag="520">
      <marc:subfield code="a">Angaben aus der Verlagsmeldung

Piraten-Jim findet einen Schatz

Abenteuer in der Karibik. Auf stürmischer See wird Käptn Blaubart von der tückischen Entermesser-Bande entführt. Sein Sohn Piraten-Jim macht sich auf die Suche. Ihm zur Seite steht die Mannschaft und der Papagei Pythagoras. Die Spur führt sie in eine düstere Spelunke und in die unheimlichen Sümpfe zum sprechenden Schrumpfkopf. Als der Schiffskoch aus Versehen einen Topf Kleber kocht, hat Piraten-Jim plötzlich eine Idee, wie er seinen Vater retten kann ...Trendthema Piraten. Mutiger Piratenjunge mit Köpfchen. Abenteuer und Wissen. Mit Klappen, Glitzer und Piratenflagge.
</marc:subfield>
   </marc:datafield>
   <marc:datafield ind1=" " ind2=" " tag="020">
      <marc:subfield code="a">9783896008947</marc:subfield>
      <marc:subfield code="9">9783896008947</marc:subfield>
   </marc:datafield>
   <marc:datafield ind1=" " ind2=" " tag="020">
      <marc:subfield code="a">3896008943</marc:subfield>
      <marc:subfield code="9">3896008943</marc:subfield>
   </marc:datafield>
   <marc:datafield ind1=" " ind2=" " tag="041">
      <marc:subfield code="a">ger</marc:subfield>
   </marc:datafield>
   <marc:datafield ind1=" " ind2=" " tag="300">
      <marc:subfield code="a">27] S.</marc:subfield>
   </marc:datafield>
</marc:record>
